The Nazi and Japanese Human Experimentation Programmes : (Record no. 204278)
[ view plain ]
| 000 -LEADER | |
|---|---|
| fixed length control field | 01798nam a2200313 i 4500 |
| 003 - CONTROL NUMBER IDENTIFIER | |
| control field | OSt |
| 005 - DATE AND TIME OF LATEST TRANSACTION | |
| control field | 20260514125535.0 |
| 008 - FIXED-LENGTH DATA ELEMENTS--GENERAL INFORMATION | |
| fixed length control field | 260514t20242024my ao gr 000 0beng d |
| 020 ## - INTERNATIONAL STANDARD BOOK NUMBER | |
| International Standard Book Number | 9781399082099 |
| Terms of availability | RM139.90 |
| Qualifying information | hardback |
| 040 ## - CATALOGING SOURCE | |
| Original cataloging agency | PPAK |
| Language of cataloging | eng |
| Transcribing agency | PPAK |
| Description conventions | rda |
| 082 04 - DEWEY DECIMAL CLASSIFICATION NUMBER | |
| Edition number | 23 |
| Classification number | 940.541352 |
| 090 00 - LOCALLY ASSIGNED LC-TYPE CALL NUMBER (OCLC); LOCAL CALL NUMBER (RLIN) | |
| Classification number (OCLC) (R) ; Classification number, CALL (RLIN) (NR) | 940.541352 |
| Feature heading | HEA |
| Feature heading | G |
| 100 1# - MAIN ENTRY--PERSONAL NAME | |
| Personal name | Heath, Tim, |
| Dates associated with a name | 1965- |
| Relator term | author. |
| 245 14 - TITLE STATEMENT | |
| Title | The Nazi and Japanese Human Experimentation Programmes : |
| Remainder of title | Biological War Crimes during WW2 / |
| Statement of responsibility, etc. | Tim Heath |
| 264 #1 - PRODUCTION, PUBLICATION, DISTRIBUTION, MANUFACTURE, AND COPYRIGHT NOTICE | |
| Place of production, publication, distribution, manufacture | Great Britain : |
| Name of producer, publisher, distributor, manufacturer | PEN & SWORD BOOKS HISTORY, |
| Date of production, publication, distribution, manufacture, or copyright notice | 2024 |
| Date of production, publication, distribution, manufacture, or copyright notice | ©2024 |
| 300 ## - PHYSICAL DESCRIPTION | |
| Extent | vii, 166 pages, 2 unpaged : |
| Other physical details | illustrations, photographs ; |
| Dimensions | 24 cm |
| 336 ## - CONTENT TYPE | |
| Content type term | text |
| Source | rdacontent |
| 337 ## - MEDIA TYPE | |
| Media type term | unmediated |
| Source | rdamedia |
| 338 ## - CARRIER TYPE | |
| Carrier type term | volume |
| Source | rdacarrier |
| 504 ## - BIBLIOGRAPHY, ETC. NOTE | |
| Bibliography, etc. note | Bibliography : page [168]. |
| 520 ## - SUMMARY, ETC. | |
| Summary, etc. | Among the most appalling cruelties perpetrated throughout the course of the Second World War was undoubtedly that of human medical and military experimentation conducted upon both living and deceased human beings. The various Nazi human experimentation programmes were initially carried out not so much in the pursuit of any particular scientific discipline, but largely as a result of the Third Reich’s obsession with race and eugenics. However, this criminal sub-discipline of the Nazi fascination, with its warped racial ideologies, was excused as little other than collateral damage by many of the Nazi physicians and their assistants. |
| 650 10 - SUBJECT ADDED ENTRY--TOPICAL TERM | |
| Topical term or geographic name entry element | War crimes |
| Geographic subdivision | Japan |
| General subdivision | History |
| Topical term or geographic name entry element | War crimes |
| Geographic subdivision | Germany |
| General subdivision | History |
| Topical term or geographic name entry element | World War, |
| Chronological subdivision | 1939-1945 |
| General subdivision | Biological warfare |
| Geographic subdivision | Japan |
| Topical term or geographic name entry element | World War, |
| Chronological subdivision | 1939-1945 |
| General subdivision | Biological warfare |
| Geographic subdivision | Germany |
| Topical term or geographic name entry element | Human experimentation in medicine |
| Chronological subdivision | 20th century |
| 942 ## - ADDED ENTRY ELEMENTS (KOHA) | |
| Source of classification or shelving scheme | Dewey Decimal Classification |
| Koha item type | Book |
No items available.